00503cam a22001337a 4500008004000000082002000040100001900060245013700079260006300216300001100279650003500290650002500325650001900350180718b1990 xxu||||| |||| 00| 0 eng d aAPPPA 89-90 VIN aVinayek, Saroj aStudy of the norms of fairness in departmental inquiry with special reference to ordnance factories in West Bengalcby Saroj Vinayek aNew DelhibIndian Institute of Public Administrationc1990 a151+p. aOrdnance factories-West Bengal aDepartmental inquiry aFairness norms